| 000 | 00428nam a22001097a 4500 | ||
|---|---|---|---|
| 008 | 230606b xxu||||| |||| 00| 0 eng d | ||
| 082 |
_a338.9672 _bKEN |
||
| 245 |
_aMillennium Development Goals _bStatus Report for Kenya 2011 _cMinistry of State for Planning and National Development and Vision 2030 |
||
| 260 |
_aKenya _bMinistry of State for Planning and National Development and Vision 2030 _c2011 |
||
| 300 | _a65 p | ||
| 942 |
_2ddc _cBK |
||
| 999 |
_c496 _d496 |
||